| 000 | 01595cam a2200409 a 4500 | ||
|---|---|---|---|
| 001 | 2614611 | ||
| 003 | OSt | ||
| 005 | 20210417105649.0 | ||
| 008 | 980227s1999 nyua b 001 0 eng | ||
| 010 | _a 98015421 | ||
| 020 | _a0195050002 (alk. paper) | ||
| 040 |
_aDLC _cDLC _dDLC |
||
| 043 | _ae-ur--- | ||
| 050 | 0 | 0 |
_aHN523 _b.F57 1999 |
| 080 |
_a94 _bF-61 |
||
| 082 | 0 | 0 |
_a306/.0947 _221 |
| 100 | 1 | _aFitzpatrick, Sheila. | |
| 245 | 1 | 0 |
_aEveryday Stalinism : _bordinary life in extraordinary times : Soviet Russia in the 1930s / _cSheila Fitzpatrick. |
| 260 |
_aNew York : _bOxford University Press, _c1999. |
||
| 300 |
_ax, 288 p. : _bill. ; _c24 cm. |
||
| 365 | _b27.50 usd | ||
| 504 | _aIncludes bibliographical references (p. [229]-280) and index. | ||
| 650 | 0 |
_aCity and town life _zSoviet Union. |
|
| 650 | 0 |
_aCommunism _zSoviet Union. |
|
| 651 | 0 |
_aSoviet Union _xSocial conditions. |
|
| 651 | 0 |
_aSoviet Union _xHistory _y1925-1953. |
|
| 653 | _aისტორია | ||
| 653 | _aსაბჭოთა კავშირი | ||
| 653 | _aკომუნიზმი | ||
| 856 | 4 | 2 |
_3Publisher description _uhttp://www.loc.gov/catdir/enhancements/fy0636/98015421-d.html |
| 856 | 4 | 2 |
_3Contributor biographical information _uhttp://www.loc.gov/catdir/enhancements/fy0723/98015421-b.html |
| 856 | 4 | 2 |
_3Book review (H-Net) _uhttp://www.h-net.org/reviews/showrev.php?id=3921 |
| 906 |
_a7 _bcbc _corignew _d1 _eocip _f19 _gy-gencatlg |
||
| 942 |
_2udc _cBK |
||
| 999 |
_c180 _d180 |
||